| 000 | 00928nam a2200217 i 4500 | ||
|---|---|---|---|
| 001 | 88323 | ||
| 003 | ES-MaACL | ||
| 005 | 20250903024954.0 | ||
| 007 | t| | ||
| 008 | 050104s1927 fr ||||1| fre d | ||
| 100 | 1 |
_aLainé, E. _969686 |
|
| 245 | 1 | 0 |
_aPrécis d'analyse mathématique á l'usage des candidats au certificat de calcul différentiel et intégral / _cpar E. Lainé avec la coloboration de G. Bouligand. |
| 250 | _a2eme ed. | ||
| 260 |
_aParís : _bVuibert, _c1927 ( _eCoulommiers : _fP. Brodard) |
||
| 300 |
_a2 v. ; _c25 cm. |
||
| 505 | 8 | _aContiene: T. I: Théorie des fonctions de variables réelles. Théorie des fonctions analytiques. -- T. II: Théorie des équations différentielles. Géométrie infinitésimale. Equations aux dérivées partielles | |
| 650 | 0 | 7 |
_aAnálisis matemático _2embne _99772 |
| 700 | 0 |
_aBouligand, Georges. _930918 |
|
| 852 |
_aES-MaACL _jA-1317-18 |
||
| 999 |
_c88323 _d88323 |
||